000 00503nmm a2200157Ia 4500
008 251105s9999||||xx |||||||||||||||||und||
020 _a9788490009222
041 _aspa
100 _aCornick, Nicola
245 0 _aPor un puñado de oro - Temporada de pretendientes - Un regalo envenenado
264 _a[Madrid, España] :
_bHarlequin,
_c[Fecha de publicación no identificada]
300 _a0 páginas
650 _aRomance
856 _uhttps://public.digitaliapublishing.com/a/96517
942 _cCF
999 _c87210
_d87210